Generał Wiedza 2 - Statystyki

Ogólne statystyki
  • Ten quiz został rozwiązany 13 razy
  • Średni wynik to 9 z 19
Statystyki odpowiedzi
Hint Odpowiedź % Poprawnych
Angielska królowa zmarła w 2022 roku Elżbieta II
100%
Jak nazywała się sowa Harry'ego Pottera Hedwiga
100%
Morze oddzielające Półwysep Arabski od Afryki Morze Czerwone
100%
Mityczne zwierze często kojarzone z Chinami Smok
100%
Wybuchowy koktajl Koktajl Mołotowa
86%
Wzór chlorku sodu NaCl
86%
1010- jaką wartość ma ta liczba w systemie binarnym? 10
57%
Jak nazywał się jedyny Polak, który zagrał w Realu Madryt? Jerzy Dudek
57%
Najpopularniejsze niemieckie nazwisko pochodzące od słowa młynarz Müller
57%
Region w Hiszpanii leżący na północnym-zachodzie Galicja
43%
W jakim mieście urodził się Abraham? Ur
43%
Jak nazywa się główny bohater filmu "Jak rozpętałem Drugą Wojnę Światową?"? Franciszek Dolas
29%
U skrzydła samolotu Klapy
29%
Ósmy model czołgu z serii Panzer Kampfwagen Maus
14%
W jakim polskim mieście stoi ostatni wybudowany zamek monarszy w Europie? Poznań
14%
Jaką nazwę nosi niebieski gatunek ary? Ara Modra
0%
Który kraj uzyskał niepodległość w wyniku wydalenia z innego kraju? Singapur
0%
Żołądź, Wino, Czerwień, Dzwonek. Do jakiego typu kart należą te kolory? Typ niemiecki
0%
Jak nazywała się formacja strzelców Wasilija Zalcewa? Zajączki
0%
Nie znaleziono quizów pasujących do podanych kryteriów
Rozkład punktacji
Procent ludzi z każdym wynikiem
Percentyl według liczby udzielonych odpowiedzi
Twoja historia wyników
Nie rozwiązałeś tego quizu